Le Patrimoine Frédéric Chopin - Grand Oral HGGSP - Statistiques

Statistiques générales
  • Ce quiz a été pris 38 fois
  • Le résultat moyen est 3 sur 34
Statistiques - réponses
QUESTIONS REPONSES % Correct
Quelle période de la musique savante représente-t-il ? La période romantique
74%
Quelle était la nationalité de Frédéric Chopin ? Il était de nationalité polonaise
66%
Quelles sont les deux dates de naissance connues de Frédéric Chopin ? 22 février/1er Mars 1810
11%
En quelle année ce dernier émigre-t-il en Pologne ? En 1787
11%
Quand meurt-il ? Le 17 octobre 1849
11%
Dans quel lieu-dit naît Frédéric Chopin, en région de Mazovie ? Il naît à Zelazowa Wola
9%
Qui était le père de Frédéric Chopin ? Nicolas Chopin
9%
En quelle année est rachetée la maison natale de F. Chopin, puis transformée en musée en 1939 et réouvert en 1949 ? En 1928
6%
Qui tient à Paris le plus grand centre culturel polonais dès 1843, l'hôtel Lambert ? Adam Czartoryski
3%
Où a-t-elle lieu ? Aux salons Pleyel
3%
Quel auteur dit : "Quant à moi, je suis encore assez polonais pour cela, je donnerais pour Chopin tout le reste de la musique." C'est Nietzsche
3%
Dans quelle ville thermale depuis 1769, située dans les sudètes, F. Chopin s'est-il rendu afin de faire une cure pour sa tuberculose ? Il y a donné son premier récital à l'étranger : depuis, un festival international annuel de piano y est donné. Dans la ville de Duszniki Zdroj
3%
Dans quelle église et dans quelle ville sont cœur est-il conservé au sein d'une fiole de cristal remplie de cognac ? Dans l'église Sainte-Croix à Varsovie
3%
En 2020, quelle mesure a été prise par cette organisation ? (Réponse précédante) Elle a décidé de donner libre-accès à chaque partition en version numérisée, ainsi que pleins d'autres documents en lien avec le compositeur.
3%
En quelle année ? En 1927
3%
En quelle année l'UNESCO déclare-t-elle "l'année internationale F. Chopin ?" En 1999
3%
Dans quel village a-t-il été baptisé, lequel possède une église fortifiée à l'architecture particulière pour la région ? Il est baptisé à Brochow
3%
Qui est Maciej Janicki ? Il est le directeur adjoint de l'institut F. Chopin
3%
Combien recense-t-on de ces documents ? (Réponse précédante) Il y a environ 40 000 objets d'une collection inscrite au patrimoine mondial de l'UNESCO (manuscrits, partitions, autographes, lettres, etc...)
3%
Qui créé le concours international Chopin ? Jerzy Kuralolew
3%
Qui était la mère de Frédéric Chopin ? Justyna Krzyzanovska
3%
Quel média déclare le 4 février 1838 : "Il peut nous révéler la poésie qui vit dans son âme [...] Sa patrie véritable est celle de la poésie." La Revue et Gazette Musicale de Paris
3%
Quelle société intègre F. Chopin en 1833 ? La société littéraire polonaise
3%
Quelle ville représentative de Copernic, de l'ordre Teutonique, ou encore de la ligue hanséatique a été classée à l'UNESCO ? F. Chopin appréciait particulièrement les pains d'épices de cette ville La ville de Torun
3%
Quelle "voie" permet-elle d'admirer la majorité des bâtiments que F. Chopin a visité pendant ses 20 ans de vie à Varsovie ? La voie royale
3%
Quelle est la date de la première prestation publique de F. Chopin à Paris ? Le 2 février 1832
3%
Dans quel musée biographique moderne, situé à Varsovie, trouve-t-on la plus grande collection au monde des autographes et des documents liés à Chopin ? Le palais d'Ostrogski
3%
Quel est ce parc, datant de l'époque baroque ? Le parc Lazienki Krolewskie
3%
Quel arbre, symbole mazovien, est représenté avec le compositeur dans une sculpture, datant de 1907, située au cœur du plus grand parc de Varsovie ? Le saule de Mazovie
3%
Que se passe-t-il en Pologne de 1830 à 1831 ? L'insurrection de Novembre
3%
En 2004, une reconstitution du dernier concert de F. Chopin eu lieu à Paris. Qui est l'interprète qui a été désigné ? Maciej Pikulski
3%
Quel compositeur français a-t-il été à l'initiative de la Société F. Chopin ? Maurice Ravel
3%
Quel citation de la Bible est-elle marquée auprès de la colonne dans laquelle est cachée cette fiole ? Saint Matthieu, 6:21, "Car là où est ton trésor, là aussi sera ton cœur."
3%
Qui est le sculpteur ? Waclaw Szymanowski
3%
Aucun quiz correspondant
Distribution des résultats
% des personnes avec chaque résultat
Percentile par nombre de réponses
Votre historique - résultats
Vous n’avez pas pris ce quiz